00483nam a2200145Ia 4500100002600000942000700026654001700033245007500050260003200125082001900157300000800176546001200184999001700196952012400213 aNewcomer/Lawrence R.  cBK aProgramming  aSchaums outline of theory & probs of programming with structured cobol bMcGraw HillaNew Yorkc1986 a001.6424CbNew a375 aENGLISH c35014d35014 001040708CRCaCRCEbCRCEd2023-03-17eUBSg88.10iT 92/90l0o001.6424C Newp2840r2023-03-17v88.10w2023-03-17yBK